000 00541nam a2200169Ia 4500
999 _c11620
_d11620
003 OSt
005 20201030104203.0
008 190216s9999||||xx |||||||||||||| ||und||
040 _coclc
082 _a823.8
_bHAR/U
100 _aHardy, Thomas
_94826
245 0 _aUnder The Greenwood Tree Or The Mellstock Quire /
_cThomas Hardy ; Adrian Alington
260 _bMacmillan And Co Limited,
_c1950.
_aLondon:
300 _a280p
650 _aEnglish Novel-English Novel
942 _cBK
_2ddc
_h823.8
_iHAR/U
_k823.8
_mHAR/U